Footballeurs par image en E - Statistiques

Statistiques générales
  • Ce quiz a été pris 97 fois
  • Le résultat moyen est 12 sur 20
Statistiques - réponses
Par images Réponse % Correct
Ederson
99%
Éderson
99%
Hugo Ekitike
99%
Endrick
95%
Eberechi Eze
91%
Christian Eriksen
86%
Emanuel Emegha
73%
Estêvão
73%
Emerson
72%
Wataru Endo
69%
Anthony Elanga
64%
Youssef En-Nesyri
47%
Breel Embolo
46%
Harvey Elliott
46%
Stephan El Shaarawy
46%
Evanilson
38%
Ayoub El Kaabi
35%
Bilal El Khannouss
25%
Pervis Estupiñán
25%
Neil El Aynaoui
20%
Aucun quiz correspondant
Distribution des résultats
% des personnes avec chaque résultat
Percentile par nombre de réponses
Votre historique - résultats
Vous n’avez pas pris ce quiz